000 00675nam a2200205 a 4500
005 20240919063821.0
008 991125s1986 mx 000 0 spa u
020 _a9688202827
035 _aUPN01000039760
049 _aC
050 4 _aJ171
_bN5 1985a
110 1 _aMéxico.
_bPresidente (1982-1988 : Madrid Hurtado)
245 1 0 _aA mitad del camino :
_bMiguel de la Madrid, 1985 /
_ccomp. Iván Zavala.
260 _aMéxico :
_bPresidencia de la República,
_c1986.
300 _a333 p.
650 4 _aPresidentes
_zMéxico
_vInformes
_96409
651 4 _aMéxico
_xPolítica y gobierno
_94512
700 1 _aZavala Echeverría, Iván,
_d1947-
_ecomp.
_929521
905 _aLibro
999 _c39760
_d39760